| 000 | 004410000a22001210004500 | ||
|---|---|---|---|
| 090 |
_aAS _bSeriadas |
||
| 245 | 1 | 0 | _aDos especies nuevas de Conyza (<Asteraceae, Astereae>) originarias de Colombia |
| 041 | 0 | _aEspañol | |
| 700 | 1 |
_aCorrea M., Alejandra _999107 |
|
| 100 | 1 |
_aDíaz Piedrahita, Santiago _995842 |
|
| 942 | _cARTICULO | ||
| 773 | 1 |
_tRevista de la Academia Colombiana de Ciencias Exactas, Fisicas y Naturales _332 _h95 _q179-182 _d2001 _g25 |
|
| 999 |
_c14094 _d14094 |
||